PEDIATRIC OPTHALMOLOGY ; NEURO OPTHALMOLOGY GENETICS (Record no. 803123)

MARC details
000 -LEADER
fixed length control field 00380pam a2200145 a 4500
020 ## - INTERNATIONAL STANDARD BOOK NUMBER
International Standard Book Number 9783540336785
Terms of availability
041 ## - LANGUAGE CODE
Language code of text/sound track or separate title eng
082 ## - DEWEY DECIMAL CLASSIFICATION NUMBER
Classification number 617.7
Item number LOR
100 ## - MAIN ENTRY--PERSONAL NAME
Personal name LORENZ B . XAVIR BORRUAT .
245 ## - TITLE STATEMENT
Title PEDIATRIC OPTHALMOLOGY ; NEURO OPTHALMOLOGY GENETICS
Medium Textual Documents
260 ## - PUBLICATION, DISTRIBUTION, ETC.
Name of publisher, distributor, etc. 2008
Date of publication, distribution, etc. 2008
300 ## - PHYSICAL DESCRIPTION
Extent 331:
Other physical details XIX;
Dimensions HB.
653 ## - INDEX TERM--UNCONTROLLED
Uncontrolled term OPHTHALMOLOGY
930 ## - EQUIVALENCE OR CROSS-REFERENCE-UNIFORM TITLE HEADING [LOCAL, CANADA]
Uniform title 8596
Holdings
Withdrawn status Lost status Damaged status Not for loan Collection Home library Current library Date acquired Source of acquisition Cost, normal purchase price Total Checkouts Full call number Barcode Date due Date last seen Date last checked out Copy number Price effective from Koha item type
          Medical College & Hospital, Sangli Medical College & Hospital, Sangli 21/11/2019 B.M.S.G.B.PUNE 12911.19 1 617.7 LOR MCS-14604 01/10/2043 06/10/2023 06/10/2023 1 26/07/2023 Book